Movies Quiz

Random Movies or City Quiz

Boston Movies Quiz Stats

Quiz Updated May 3, 2016

Challenge
Share
Tweet
Score 0/18 Timer 05:00
6 Plays Today
% Correct
Ted
97.2%
Good Will Hunting
93.4%
The Departed
85.4%
The Social Network
83.5%
Legally Blonde
81%
The Fighter
69.9%
21
65.6%
War of the Worlds
62.1%
Shutter Island
58.7%
% Correct
The Town
58.3%
Mystic River
57.6%
Spotlight
53.8%
Fever Pitch
53.4%
Boondock Saints
48%
Black Mass
47.5%
R.I.P.D.
40.4%
Gone Baby Gone
32.5%
The Verdict
20.9%

You're not logged in!

Compare scores with friends on all Sporcle quizzes.
Join for Free
OR
Log In

You Might Also Like...

Show Comments

Extras

Top Quizzes Today


Score Distribution

Your Account Isn't Verified!

In order to create a playlist on Sporcle, you need to verify the email address you used during registration. Go to your Sporcle Settings to finish the process.

Report this User

Report this user for behavior that violates our Community Guidelines.

Details: